[Event "Ubeda op 5th"]
[Site "Ubeda"]
[Date "2000.01.22"]
[Round "4"]
[White "Arizmendi Martinez, Julen Luis"]
[Black "Hovhannisyan, Mher"]
[Result "1-0"]
[WhiteElo "2445"]
[BlackElo "2361"]
[Annotator "Finkel,A"]
[PlyCount "69"]
[EventDate "2000.01.19"]
[EventType "swiss"]
[EventRounds "10"]
[EventCountry "ESP"]
[SourceTitle "CBM 075"]
[Source "ChessBase"]
[SourceDate "2000.04.05"]
[SourceVersion "1"]
[SourceVersionDate "2000.04.05"]
[SourceQuality "1"]

1. e4 e6 2. d4 d5 3. Nc3 Nf6 4. Bg5 Be7 5. e5 Nfd7 6. Bxe7 Qxe7 7. Qd2 a6 8. f4
c5 9. Nf3 Nc6 10. dxc5 Nxc5 11. Bd3 O-O 12. O-O {Very solid variation
promising minimal advantage.} (12. Qe3 $5 f5 13. exf6 Nxd3+ 14. Qxd3 Qxf6 15.
g3 Bd7 16. Ng5 $1 Qf5 17. Qxf5 Rxf5 18. O-O-O Rd8 19. Ne2 $14 {
Ljubojevic-Seirawan, Reykjavik (WCup) 1991}) (12. O-O-O f5 13. exf6 Qxf6 14. g3
Bd7 15. Ng5 Nxd3+ 16. Qxd3 Qf5 17. Qxf5 Rxf5 18. Rhe1 $14 {Polgar,S-Gulko,B/
Aruba 1992}) 12... f5 13. exf6 Qxf6 14. g3 (14. Ne5 Nxe5 15. fxe5 Qe7 16. Rxf8+
Qxf8 17. Qg5 Nxd3 18. cxd3 Qc5+ 19. Kh1 Bd7 $11 {Ochoa de Echaguen,F-Miljanic,
B/Catania op 1995}) 14... Bd7 15. Rae1 h6 (15... b5 16. a3 b4 17. axb4 Nxb4 18.
Ne5 Rab8 19. Qe3 $16 {Hoi,C-Muir,A/Troll Masters 1990}) (15... Be8 16. Ne5 Nxe5
(16... Rc8 17. Rf2 Nxe5 18. Rxe5 Rc6 (18... Nxd3 19. cxd3 Bg6 20. Ne2 $14) 19.
Bf1 Nd7 20. Re1 Nb6 21. Nd1 $1 $14 {Stefansson,H-Hjartarson,J/ISL-ch plof 1995}
) 17. Rxe5 Rd8 18. Rfe1 Bf7 19. Ne2 Nd7 20. Re3 Qxb2 21. Nd4 Qb6 $13 {Balcerak,
J-Karst,E/RLPF-chJ U15 1993}) (15... Rac8 16. a3 h6 17. h4 $2 Be8 $1 18. Kh2
Nxd3 19. cxd3 Bh5 $10 {Hjartarson,J-Seirawan,Y/Reykjavik/WCup/1991}) (15...
Rae8 16. a3 h6 17. b4 Nxd3 18. cxd3 Rc8 19. Ne5 Be8 20. d4 Ne7 21. Ng4 $11 {
De la Riva,O-Kasimdzhanov,R/Corsica rap op 1997}) 16. Ne5 Be8 17. Rf2 {
Intending to keep the bishop on the board.} Rc8 $6 (17... Nxd3 $5 18. Qxd3 (18.
cxd3 Rc8 19. Rfe2 Bh5 20. Rf2 Rc7 $11) 18... Rc8 $13) 18. Bf1 $1 {[%cal Gf1h3]
Now black faces serious difficulties becaus pawn on e6 becomes a target for
white pieces.} Nxe5 (18... d4 19. Ne4 Nxe4 20. Rxe4 Nxe5 21. Rxe5 Bg6 22. Bd3
$16 {[%csl Rd4,Re6]}) 19. Rxe5 Nd7 20. Re1 {[%csl Re6]} Bg6 21. Bh3 $1 Nc5 (
21... Bf5 $2 22. g4 Bg6 23. g5) 22. f5 $1 {Nice tactical blow practically
deciding the game.} d4 (22... exf5 23. Nxd5 $18 {[%cal Gd5e7]}) 23. Nd5 $1 $16
{Another strong move.} exd5 24. fxg6 Qxf2+ 25. Qxf2 Rxf2 26. Bxc8 $5 Rf8 (26...
Rf6 27. Re8+ Rf8 28. Rxf8+ Kxf8 29. b4 d3 $8 30. cxd3 Nxd3 31. a3 $1 $16 a5 32.
bxa5 Nc5 33. Bxb7 $1 $18) 27. Bh3 d3 (27... Rf6 28. Re8+ Rf8 29. Re5 Rd8 30. b4
Ne4 31. Be6+ $18) 28. b4 d2 29. Rd1 Ne4 30. Be6+ Kh8 31. Bxd5 Nd6 (31... Nc3
32. Rxd2 Rd8 33. Rd3 Nxd5 34. c4 $18) 32. Rxd2 Rf6 33. c4 Rxg6 34. c5 Nf5 35.
Be4 1-0

[Event "RUS-Cup7"]
[Site "Kstovo"]
[Date "1997.05.01"]
[Round "1"]
[White "Labutin, Sergey"]
[Black "Ulybin, Mikhail"]
[Result "0-1"]
[WhiteElo "2360"]
[BlackElo "2555"]
[Annotator "Finkel,A"]
[PlyCount "60"]
[EventDate "1997.05.01"]
[EventType "swiss"]
[EventRounds "9"]
[EventCountry "RUS"]
[SourceTitle "CBM 059"]
[Source "ChessBase"]
[SourceDate "1997.08.01"]
[SourceVersion "1"]
[SourceVersionDate "1997.08.01"]
[SourceQuality "1"]

1. d4 e6 2. e4 d5 3. Nc3 Nf6 4. Bg5 Be7 5. e5 Nfd7 6. Bxe7 Qxe7 7. f4 O-O 8.
Nf3 c5 9. Qd2 Nc6 10. dxc5 Nxc5 11. O-O-O a6 12. Qe3 b5 (12... Rd8 $5 13. Ne2
Bd7 14. Ned4 Rac8 15. Kb1 Na5 16. Bd3 Nc4 17. Bxc4 dxc4 18. g4 Na4 $132 {
Aseev,K-Bareev,E/Lvov zt 1990/1/2-1/2 (92)}) (12... f5 $2 13. Rxd5 $1 b6 14.
Rd6 Bb7 15. Be2 Qc7 16. Rhd1 Nd8 17. g4 $1 $18 {Asejew-Hölzlein/Würzburg op/SW,
25,18 1990 (22)}) 13. f5 (13. Kb1 b4 14. Ne2 Ne4 15. Ng3 $6 (15. g4 $5 $14)
15... Qc5 16. Qxc5 Nxc5 17. Bd3 a5 $11 {Short-Kortschnoi/Thessaloniki/SW,50,9
1988 (66)}) (13. Bd3 $5 Nxd3+ 14. cxd3 f6 15. Rhf1 Bd7 16. Ne2 fxe5 17. Nxe5
Nxe5 18. Qxe5 Rf5 $11 {Arnason,J-Dolmatov,S/Sochi 1988/1/2-1/2 (90)}) 13... Qa7
$1 14. Nd4 $6 {Without this knight white's play on the kingside is not so
efficient and black takes over the initiative.} (14. Qf4 $5 exf5 $5 (14... f6
15. exf6 $5 (15. fxe6 $6 fxe5 (15... Bxe6 16. exf6 Rxf6 17. Qh4 $14) 16. Qg3 d4
17. Ne2 Rf5 $17) 15... Rxf6 16. g4 $5 b4 17. Ne2 exf5 18. g5 $44) 15. Nxd5 Ne4
16. Rg1 Be6 17. Ne3 Nb4 $5 18. a3 Na2+ 19. Kb1 Nac3+ 20. bxc3 Nxc3+ 21. Kc1 $13
) 14... Nxd4 15. Qxd4 (15. Rxd4 exf5 16. Nxd5 (16. Rxd5 $4 Nb3+ $19) 16... Be6
17. Be2 Ne4 (17... Nb3+ $6 18. axb3 Bxd5 19. Rf1 Bxg2 20. Rxf5 $13) 18. Nf4
Bxa2 19. g4 $132) 15... exf5 16. Nxd5 Be6 17. Be2 (17. g3 Bxd5 18. Qxd5 Ne4 $17
19. Rd4 Qe7 $1 20. Qd7 $6 Qg5+ 21. Kb1 Rfd8 $19) 17... Bxd5 $1 18. Qxd5 Ne4 {
Black's play is very simple and very logical at the same time.It makes this
game good study example.} 19. Rhe1 Qe7 $1 {[%csl Re5][%cal Ga8d8]} 20. Bf3 Rad8
21. Qc6 Rc8 $15 (21... Qg5+ $6 22. Kb1 Nd2+ 23. Ka1 Rc8 24. Qxa6 Rxc2 25. e6
$14) 22. Qb6 Qxe5 23. g3 Rc4 {[%cal Gc4b4]} 24. Re2 $2 {Missing the threat of
black.Deserved attantion} (24. Rd8 g6 25. Rxf8+ Kxf8 26. Qe3 (26. Qxa6 $6 Ra4
27. Qc8+ Kg7 28. c3 (28. a3 Rxa3 $1) 28... Rxa2 29. Kb1 Qd5 $17) 26... h5 $5
27. Re2 a5 $15) 24... Rb4 25. c3 Rxb2 $1 {Exposing the position of white king
and practicaly finishing the game.} 26. Rxb2 Qxc3+ 27. Kb1 Qxf3 $17 28. Qd4 $2
{It was still possible to put up some resistment with} (28. Rc1 $142 Nc3+ 29.
Ka1 Na4 30. Qf2 Qd5 $17) 28... Nc3+ $19 29. Kc1 Nxd1 30. Qxd1 Rc8+ 0-1

[Event "CRO-ch 6th"]
[Site "Pula"]
[Date "1998.01.10"]
[Round "2"]
[White "Fercec, Nenad"]
[Black "Kovacevic, Vlatko"]
[Result "0-1"]
[WhiteElo "2455"]
[BlackElo "2520"]
[Annotator "Finkel,A"]
[PlyCount "118"]
[EventDate "1998.01.09"]
[EventType "tourn"]
[EventRounds "13"]
[EventCountry "CRO"]
[EventCategory "9"]
[SourceTitle "CBM 064"]
[Source "ChessBase"]
[SourceDate "1998.06.02"]
[SourceVersion "1"]
[SourceVersionDate "1998.06.02"]
[SourceQuality "1"]

1. e4 e6 2. d4 d5 3. Nc3 Nf6 4. Bg5 Be7 5. e5 Nfd7 6. Bxe7 Qxe7 7. f4 a6 8. Qd2
c5 9. dxc5 Nc6 10. O-O-O Qxc5 11. Nf3 b5 12. Nd4 Nxd4 13. Qxd4 Rb8 $5 (13... b4
$5 14. Na4 (14. Ne2 a5 15. Kb1 Ba6 16. Qxc5 Nxc5 17. Ng3 $6 Bxf1 18. Rhxf1 g6
$15 {Herbrechtsmeier,C-Junge,R/BL 1988/1/2-1/2 (50)}) 14... Qa5 15. b3 Bb7 16.
Kb1 O-O 17. Bd3 Bc6 18. f5 $5 exf5 19. Nb2 g6 $13 {Zaichik,G-Efimov,I/Tbilisi
1991 (39)}) (13... Qxd4 14. Rxd4 Rb8 (14... O-O 15. a4 bxa4 16. Rxa4 Bb7 17.
Ne2 Bc6 18. Ra5 Bb5 19. Nd4 Bxf1 20. Rxf1 Rfc8 $132 {Chura,J-Lobac/Pardubice
op 1992 (34)}) (14... Nb8 15. Rd2 Nc6 16. g3 Bd7 17. Ne2 Ke7 18. Nd4 Nxd4 19.
Rxd4 Rhc8 20. Bd3 Rc5 $11 {Lukianenko E-Iliushin A/Ch Russia (cadets) (under
1996/1/2-1/2 (70)}) 15. b4 $2 Nb6 16. Nb1 Bd7 17. Nd2 Ke7 18. Nb3 Na4 19. Be2
Rhc8 $17 {Twyford,G-Keogh,E/Dublin Telecom 1991/0-1 (84)}) 14. Qxc5 Nxc5 15.
Bd3 b4 16. Ne2 Bd7 17. Nd4 Ke7 $11 18. Rhe1 $6 (18. g4 $5 h5 19. h3 g6 20. Kd2
a5 21. Ke3 Na4 $1 $132) 18... h5 $1 19. h4 $6 {Depriving himself a chanse to
create a play on the kingside by this giving to black possibility to do what
he wants on the queenside.Better was} (19. g3 a5 20. h3 a4 21. Re3 Rb6 $13 {
with complicated position.}) 19... Rb6 20. Re3 g6 21. Be2 Rc8 22. Kb1 a5 23. c4
$2 {White finds the way to create to himself problems in quiet safe position.
Black has siezed the initiative,but it was very difficult to make any progress,
so white decided to help...} bxc3 24. b3 (24. Rxc3 Rxb2+ $1 25. Kxb2 Na4+ 26.
Ka1 Rxc3 $17) 24... a4 $1 25. Rxc3 {More persistant was} (25. Kc2 $5 Ne4 26.
Bf3 (26. Bd3) 26... axb3+ 27. Nxb3 (27. axb3 Ra6 28. Bxe4 Ra2+ 29. Kb1 $1 Rb2+
30. Kc1 dxe4 31. Rxc3 $1 Rxc3+ 32. Kxb2 Rg3 33. Rd2 Rg4 $17) 27... Ra6 28. Ra1
Ba4 $1 29. Bxe4 Bxb3+ 30. Kxb3 Rb6+ $1 31. Kc2 Rb2+ 32. Kc1 dxe4 33. Rxc3 Rxa2
$1 $17 {although even in this case white is in troubles.}) 25... Nxb3 $1 $17
26. Kc2 (26. Rxb3 $6 axb3 27. axb3 Rc3 $1 {[%cal Gc3g3]} 28. Bf3 (28. Bd3 Rb4
$1 $19) 28... Ba4 29. Kb2 Re3 $19) 26... Nxd4+ 27. Rxd4 a3 $5 {Penitrating to
the second rank.} 28. Rxc8 Rb2+ 29. Kc1 Bxc8 30. Rd2 $1 Rb4 31. g3 Bb7 32. Rc2
d4 33. Rc7+ $6 ({After correct} 33. Bd3 $5 {black still has to work hard to
win the game.}) 33... Kf8 34. Bc4 Rb2 35. Rd7 Bd5 $1 {[%csl Rc1] Transfering
the game into rooks ending,which proves to be totally hopeless for white.} 36.
Bxd5 exd5 37. Rxd5 Rxa2 38. Rxd4 Rg2 39. Kb1 (39. Rd3 $2 Rg1+ 40. Kc2 a2 $19)
39... Rxg3 40. f5 Rg4 $1 {Not giving white any chanses.} 41. Rd6 gxf5 42. Rf6
Ke7 43. Rxf5 Rxh4 44. Ka2 Rh3 45. Rf6 Re3 46. Rh6 Rxe5 47. Kxa3 {The rest is a
matter of technique.} Kf8 48. Kb4 Kg7 49. Ra6 f6 50. Kc4 Kg6 51. Kd3 h4 52. Ra1
f5 53. Rg1+ Kh5 54. Rg8 f4 55. Kd4 Re1 56. Rh8+ Kg4 57. Rg8+ Kh3 58. Rf8 Kg3
59. Rg8+ Kf2 0-1

[Event "RUS-Cup07"]
[Site "Tomsk"]
[Date "1998.07.19"]
[Round "5"]
[White "Mukhaev, Aleksander"]
[Black "Matveeva, Svetlana"]
[Result "0-1"]
[WhiteElo "2315"]
[BlackElo "2460"]
[Annotator "Finkel,A"]
[PlyCount "76"]
[EventDate "1998.07.15"]
[EventType "swiss"]
[EventRounds "9"]
[EventCountry "RUS"]
[SourceTitle "CBM 067"]
[Source "ChessBase"]
[SourceDate "1998.11.30"]
[SourceVersion "2"]
[SourceVersionDate "1998.11.01"]
[SourceQuality "1"]

{[%mdl 10432]} 1. e4 {Hansen,Cu.} e6 2. d4 d5 3. Nc3 Nf6 4. Bg5 Be7 5. e5 Nfd7
6. Bxe7 Qxe7 7. f4 O-O 8. Nf3 c5 9. Qd2 Nc6 10. dxc5 Qxc5 11. O-O-O Nb6 12. h4
Bd7 (12... f6 13. exf6 Rxf6 14. g3 (14. Re1 $5 Bd7 15. Ne5 Nxe5 16. Rxe5 Nc4
17. Bxc4 Qxc4 18. g3 $14 {Forgo,E-Hoang Than Trang/HUN-chT1 1995 (25)}) 14...
Bd7 15. Re1 Rc8 16. Ne5 Nxe5 17. Rxe5 Rf5 18. Rxf5 exf5 19. Bg2 $13 {1/2-1/2
Galkin,A-Ulibin,M/RUS-chT 1996}) 13. h5 {Hansen,Cu: One of the first important
questions in this setup is which R black shoul place on c8. The question is in
fact - will it be better for black to have the other rook on a8 or f8. It is
not clear to me whether it makes a big difference, but I guess I would prefer
Rfc8 - to have possibilities such as Kf8 and sometimes - after b7-b5 - Rab8.}
Rac8 (13... Rfc8 14. h6 g6 15. Nh2 {'!?' Hansen,Cu.} (15. Kb1 Na5 16. Qd4 Qe7
17. Rh3 Nbc4 18. Nd2 b5 19. Bxc4 Nxc4 20. Nxc4 bxc4 21. Kc1 $14 {[%csl Rd7]
Rausis,I-Zueger,B/Catania op 1994 (40)}) 15... Na5 {'?' Hansen,Cu.} (15... Nb4
$5 16. a3 a5 $1 17. Ng4 Ba4 $1 {[%csl Rc2]} 18. Bd3 Nc4 19. Bxc4 Qxc4 $17 {
Vogt,L-Zueger,B/SWZ-ch 1994 (26)}) 16. Qd4 Qe7 (16... Qxd4 17. Rxd4 Rc7 18. Ng4
Rac8 19. Nf6+ Kh8 20. Rh3 $14 {Anka,E-Zueger,B/Budapest FS03 GM 1994/1/2-1/2 
(55)}) 17. Ng4 Rc7 {'?' Hansen,Cu.} 18. Nf6+ Kh8 19. Nfxd5 {'!' Hansen,Cu.}
Nxd5 20. Nxd5 exd5 21. e6+ $14 {Almasi,Z-Zueger,B/Altensteig 1993 (41)} (21.
e6+ {Hansen,Cu} f6 22. exd7 Rxd7 23. Bb5 $16 {Almasi,Z-Zueger,B/Altensteig 1993
})) 14. h6 (14. Bd3 Nb4 15. Kb1 Na4 16. Nxa4 Bxa4 17. b3 Nxd3 18. cxd3 Qb6 19.
Qb2 $14 {Ochoa de Echaguen,F-Ferrer,M/ESP-ch 1991 (33)}) 14... g6 {Hansen,Cu:
It is natural to compare with the above mentioned game Almasi-Zueger. White
should in both cases play 15.Nh2 imediately. It is not clear, if Kb1 will do
any good - and it wastes a important tempo.} 15. Kb1 $6 {'?' Hansen,Cu.} ({
Deserved attention agressive} 15. Nh2 $5 Na5 16. Ng4 Nbc4 17. Bxc4 Nxc4 18. Qd4
Qb4 $4 19. Nxd5 $1 exd5 20. e6 {1-0 Glek,I-Nikolenko,O/Moscow PCA-Intel qual
1995}) (15. Nh2 $142 {Hansen,Cu}) 15... Na5 16. Qd4 $5 {It's hard to offer
something better.} (16. g4 $2 Nac4 17. Bxc4 Nxc4 18. Qd4 Qb4 19. b3 Na3+ 20.
Kb2 Rc4 $1 $19) 16... Qe7 $1 $132 17. Nd2 $6 {White plays without a plan
simply moving the pieces and it's one of the most dangerous things in
chess!The punishment comes pretty soon.} (17. g4 Nc6 18. Qe3 f6 19. Be2 fxe5
20. fxe5 Qb4 $15) (17. g3 $5) (17. Nh2 {Hansen,Cu} Nac4 {[%cal Ye7b4] Black
did not have time for this in the Almasi game since whites N was already on f6,
and he would - in case of Na5-c4 have tricks based on Nxd5.  The textmove
shows that everything has gone wrong for white. To play h5-h6 - closing the
K-side- and then not following up with Nh2-g4 - which must be the idea of
h4-h5-h6 - does not make any sense. Moreover whites positional advantage in
this line is often based on the control of square d4. Putting the N on d2
makes it lose control of this important square.}) 17... Nc6 {'!' Hansen,Cu.}
18. Qf2 f6 $15 19. Qg3 (19. exf6 $5 Qxf6 20. g3 e5 21. Bg2 Be6 22. Rhe1 e4 $15)
19... Nd4 20. Bd3 $2 {Practically losing on the spot.It was nessasary to play}
(20. Nb3 Nf5 21. exf6 Qxf6 22. Qd3 Nc4 23. Rh3 $17 {with bad,but defendable
position.}) 20... Rxc3 $1 21. bxc3 Na4 $1 22. Bxg6 $8 {The only possibility to
keep on fighting.} Ne2 $19 {The final touch.Black wins more than enough
material to decide the game.} 23. Bxh7+ (23. Qg4 Nexc3+ (23... hxg6 24. Ka1)
24. Ka1 hxg6 25. Qxg6+ Kh8 26. Rdg1 fxe5 27. fxe5 Be8 $19) 23... Kxh7 24. Qg7+
Qxg7 25. hxg7+ Kxg7 26. Rde1 Naxc3+ 27. Kb2 Na4+ 28. Kb1 Nxf4 29. Rh4 Ng6 30.
Rg4 f5 $1 31. Rg5 Nc3+ 32. Kb2 Ne4 33. Nxe4 fxe4 34. g4 Rf2 35. Kc3 Ba4 36. Rh1
Rxc2+ 37. Kd4 Rc4+ 38. Ke3 Bc6 0-1

[Event "EU-Cup 13th Group3"]
[Site "Slough"]
[Date "1997.09.22"]
[Round "1"]
[White "Van de Plassche, Bas"]
[Black "Kuijf, Marinus"]
[Result "1/2-1/2"]
[WhiteElo "2335"]
[BlackElo "2460"]
[Annotator "Finkel,A"]
[PlyCount "52"]
[EventDate "1997.09.22"]
[EventType "team-k.o."]
[EventRounds "3"]
[EventCountry "ENG"]
[SourceTitle "EXT 2020"]
[Source "ChessBase"]
[SourceDate "2019.10.17"]
[SourceVersion "1"]
[SourceVersionDate "2019.10.17"]
[SourceQuality "1"]
[WhiteTeam "Tessenderlo OSK"]
[BlackTeam "Breda Panfox"]
[WhiteTeamCountry "BEL"]
[BlackTeamCountry "NED"]

1. e4 e6 2. d4 d5 3. Nc3 Nf6 4. Bg5 Be7 5. e5 Nfd7 6. h4 Bxg5 7. hxg5 Qxg5 {
Probably the best way to meet this sharp gambit.As showed the game
Degraeve-Gurevich black has serious difficulties in variations arising after 8.
..a6?!} 8. Nh3 Qe7 9. Nf4 Nc6 10. Bb5 $5 {Deserves attention 10.Qd3 leading to
complicated positions with mutual chances.For instanse:} (10. Qd3 $5 Nb6 (10...
g6 $5 11. O-O-O Nb6 12. Qg3 h5 13. Bd3 Bd7 14. Nce2 O-O-O 15. c3 Na5 $15 {
Sorin,M-Jurkovic,A/Cannes opB18th 1997/EXP 57/ - (56)}) 11. Nh5 $5 Qb4 (11...
f6 12. Qg3 Nxd4 13. Nxg7+ Kf8 14. exf6 Qxf6 15. Nh5 $44) 12. Nxg7+ Kf8 13. Rxh7
Rg8 14. Nh5 Qxd4 15. Qxd4 Nxd4 16. O-O-O $14 {Watson,W-Muir,A/Walsall 1992/CBM
32/1-0 (60)}) 10... Qb4 11. Bxc6 bxc6 12. Rh3 $6 (12. a3 $5 Qc4 13. Rh3 c5 14.
Qg4 $5 Ba6 $2 (14... Qxd4 15. Rd1 Qxe5+ 16. Re3 h5 17. Qg3 h4 18. Qg4 $40) (
14... cxd4 $5 15. Qxg7 Rf8 16. b3 Qc6 17. Nce2 Qxc2 $13) 15. O-O-O cxd4 16.
Nxe6 $2 (16. Qxg7 $1 $16) 16... fxe6 17. Qxe6+ Kd8 18. b3 Qc5 $17 {Makropoulou,
M-Thorhallsson,T/Katerini GP 1993/TD 93\09 (32)}) 12... c5 $6 {Right idea,but
the wrong timing.After preliminary 12...Rb8 covering square b5 black can play
c5 with much more damaging consequances for white.} (12... Rb8 $1 13. a3 (13.
Qg4 $2 Qxd4 14. Rd1 Qxe5+ 15. Re3 h5 $1 $19) (13. Nh5 g6 14. Nf6+ Nxf6 15. exf6
c5 $17) 13... Qxb2 14. Rb1 Qxa3 15. Rxb8 Nxb8 16. Ncxd5 Qa5+ 17. Nc3 c5 $5 $17
18. Nh5 Nc6 19. Nxg7+ Kf8 20. Qf3 $8 cxd4 21. Qxc6 Qxe5+ $17) 13. Nd3 $1 Qc4 (
13... Qxd4 $2 14. Nb5 Qe4+ 15. Re3 Qxg2 16. Nxc7+ Kd8 17. Nxa8 Bb7 $14) 14.
dxc5 Nxc5 $6 {Once again preliminary Rb8 was more accurate.} (14... Rb8 $5 15.
c6 (15. Rg3 Nxc5 16. Rxg7 Rxb2 $1 $19) 15... Qxc6 16. Qg4 Kf8 17. O-O-O Ba6 $15
) 15. Nxc5 Qxc5 16. Qg4 g6 17. O-O-O $44 {The opening is finally over and we
can make some conclusions.Better development and weakness of dark squares in
the position of black fully compensates white for the lack of a pawn.} Bd7 $6 (
17... Qxf2 $5 18. Rf3 $6 (18. Ne4 $1 dxe4 19. Qxe4 Rb8 20. Qa4+ $1 (20. Qc6+ $6
Kf8 21. Rf3 Bb7 $1 (21... Qb6 $6 22. Rd8+ Kg7 23. Rxf7+ $1 Kxf7 24. Qf3+ Kg7
25. Qf6+ $10) 22. Qxb7 Rxb7 23. Rxf2 Ke7 24. Rfd2 Rhb8 $17) 20... Kf8 21. Rf3
Qxg2 22. Rd8+ Kg7 (22... Ke7 $2 23. Rxh8 Qh1+ 24. Kd2 Qg2+ 25. Ke1 Qg1+ 26. Rf1
Qe3+ 27. Kd1 Qxe5 28. Re8+ $18) 23. Rxf7+ $1 Kxf7 24. Qf4+) 18... Qc5 19. Qf4
Rf8 20. Qh6 Bb7 $17) 18. Qf4 Qe7 19. Rh6 $1 {Fixing the pawn on h7.} O-O-O 20.
Rdh1 $14 Bc6 {Preparing d4.} 21. Qd4 $6 (21. Ne2 $5 d4 22. Rxh7 (22. Nxd4 $6
Bxg2 23. R1h2 Bd5 24. Rxh7 g5 25. Qe3 Rxh7 26. Rxh7 $13) 22... Rxh7 23. Rxh7
Bxg2 (23... Qc5 $5 24. Qxf7 Qxe5 25. f4 Qa5 26. Kb1 Bd5 27. Nc1 $14) 24. Qxf7
Qxf7 25. Rxf7 $14) (21. Rxh7 $5 $14) 21... Qg5+ 22. f4 Qxg2 23. R6h2 Qf3 24.
Rh3 Qg2 (24... Qg4 $5 25. Rh4 Qf5 26. Qc5 Kd7 27. Ne2 Qe4 28. Nd4 Bb7 $13) 25.
R3h2 Qf3 26. Rh3 Qg2 1/2-1/2

[Event "Belfort"]
[Site "Belfort"]
[Date "1997.??.??"]
[Round "3"]
[White "Degraeve, Jean Marc"]
[Black "Gurevich, Mikhail"]
[Result "1-0"]
[WhiteElo "2540"]
[BlackElo "2620"]
[Annotator "Finkel,A"]
[PlyCount "81"]
[EventDate "1997.10.??"]
[EventType "tourn"]
[EventRounds "10"]
[EventCountry "FRA"]
[EventCategory "13"]
[SourceTitle "CBM 062"]
[Source "ChessBase"]
[SourceDate "1998.01.31"]
[SourceVersion "1"]
[SourceVersionDate "1998.01.31"]
[SourceQuality "1"]

1. e4 e6 2. d4 d5 3. Nc3 Nf6 4. Bg5 Be7 5. e5 Nfd7 6. h4 $5 {Sharp variation
rarely played lately.This game will probably draw attention of players,looking
for an active,attacking continuation to meet solid french defense!} a6 $6 {
I think this popular move is serious inaccuracy because afterwards I can
hardly see where black could get sufficient counterplay.} 7. Qg4 Bxg5 8. hxg5
c5 9. Nf3 (9. g6 f5 $1 10. Qf4 h6 11. dxc5 O-O 12. O-O-O $1 Nc6 13. Nxd5 $5
exd5 14. Rxd5 Ncxe5 $8 15. Rd6 $1 Qe7 16. Nf3 $44) (9. dxc5 $5 Nxe5 10. Qg3
Nbc6 11. O-O-O $36) 9... Nc6 (9... cxd4 $5 10. Qxd4 Nc6 11. Qf4 Qb6 $1 (11...
Qc7 $6 12. O-O-O Ndxe5 13. Nxe5 Qxe5 14. Qxe5 Nxe5 15. Re1 $16) (11... d4 $6
12. Nxd4 Nxd4 13. Qxd4 Qxg5 14. f4 Qg3+ 15. Kd2 $5 f6 16. Re1 fxe5 17. fxe5 O-O
18. Bd3 Qf2+ 19. Qxf2 Rxf2+ 20. Ke3 $16 {Hector,J-Upmark,J/Stockholm/1994/1:0/
29/}) 12. O-O-O (12. Rb1 $6 d4 13. Ne4 Ndxe5 $1 14. Nd6+ Ke7 15. Nxe5 Qa5+ 16.
Kd1 Qxe5 $17) 12... Qxf2 13. Rd2 (13. g3 Nf8 14. Bd3 Ng6 15. Bxg6 fxg6 16. Rhf1
Qc5 $15) 13... Qc5 14. g6 $5 fxg6 15. Bd3 Rf8 $2 {>< h7/} (15... Nf8 $1 16. Ng5
Qe7 17. Rf2 h6 18. Nf7 g5 19. Nd6+ $44) 16. Qg3 $36 {Mirumian,V-Supatashvili,K/
Ankara zt 1995 (25)}) 10. dxc5 (10. g6 $5 f5 11. Qg3 h6 12. Ng5 $1 Nxd4 13. Nf7
Qa5 14. O-O-O $1 Rg8 15. Kb1 $44 b5 16. Qh4 b4 17. Rxd4 $5 cxd4 18. Nxd5 $3 $40
{Passos-Dutra Neto/corr/1993/}) 10... Ndxe5 11. Nxe5 Nxe5 12. Qg3 Ng6 (12...
Nd7 $5 13. O-O-O $6 (13. Qe3 $1 $36) 13... Nxc5 14. g6 $5 fxg6 $6 (14... h6 15.
Qe3 $1 Qe7 16. Re1 Qd6 $1 17. Rh5 $1 O-O 18. Rxh6 gxh6 19. Qxh6 fxg6 20. Qxg6+
Kh8 21. Qh6+ $11) 15. Rxh7 Rxh7 16. Qxg6+ Kf8 17. Qxh7 Qg5+ 18. Rd2 Qh6 19.
Qxh6 $14 {Ivanovic,B-Shaboian,V/Pula op 1990/0-1 (58)}) 13. O-O-O Bd7 $6 ({
Deserved attention} 13... Qe7 $5 14. Bd3 $5 Qxc5 15. Bxg6 fxg6 16. Qe5 O-O 17.
Rd2 $1 $36 {[%csl Rh7][%cal Ge5h2] with dangerous,but defendable position.})
14. Bd3 Qb8 (14... Rc8 $6 15. Bxg6 fxg6 16. Nxd5 $1 exd5 17. Rhe1+ Kf7 18. Qf4+
Kg8 19. Rxd5 $18 {[%csl Rg8,Rh8][%cal Gd5d7,Ge1d1,Ge1e7]}) 15. Qe3 Ne7 (15...
Qe5 $2 16. Nxd5 $1 exd5 (16... Qxd5 17. Bxg6 Qxa2 18. Bxf7+ $1 Kxf7 19. Rxd7+
Ke8 20. Rxb7 $18) 17. Qxe5+ Nxe5 18. Rde1 f6 19. gxf6 gxf6 20. f4 $18 {Hector,
J-Hansen,J/Gausdal zt 1987 (26)}) 16. Bxh7 g6 17. Bxg6 $1 $16 {White gets for
the piece three pawns and crushing attack.} (17. Ne4 $2 dxe4 18. Qd4 Qf4+ 19.
Kb1 O-O-O $19) 17... Rxh1 18. Rxh1 Nxg6 19. Nxd5 Bc6 20. Nb6 {[%csl Ra8,Rb8,
Re8][%cal Gh1h8]} Bxg2 ({May be more persistant was} 20... Ra7 {but it's very
difficult to put volunterely a rook on a7 where it simply can't move!}) 21. Rh6
$1 Ke7 (21... Ra7 $2 22. Rxg6 fxg6 23. Qxe6+ Kf8 24. Nd7+) 22. Qd4 $1 $18 Qd8
$2 ({Resignation.It was still possible to put up some resistanse after} 22...
e5 $5 23. Qd6+ Qxd6 24. cxd6+ Kxd6 25. Nxa8 Kc6 {[%csl Ra8]}) 23. Qf6+ Ke8 24.
Nxa8 Qa5 25. Qc3 {The game is over:white has exchange and two pawns and black
has no counterplay.} Qxa2 26. b3 Be4 27. f3 Bxc2 28. Qxc2 Qa1+ 29. Kd2 Qd4+ 30.
Qd3 Qf2+ 31. Kd1 Qg1+ 32. Kc2 Qxc5+ 33. Qc3 Qxg5 34. Rh2 Kf8 35. Nb6 Qb5 36.
Nc4 Ke7 37. Kb2 Nf4 38. Rd2 Nd5 39. Qe5 Qc5 40. Qd4 Qc7 41. Ne3 1-0